[Event "European Team-ch 2007 Femenino"]
[Site "Creta GRE"]
[Date "2007.10.29"]
[Round "2.1"]
[White "Kosintseva, Nadezhda"]
[Black "Mkrtchian, Lilit"]
[Result "1/2-1/2"]
[WhiteElo "2469"]
[BlackElo "2402"]
[PlyCount "257"]
[EventDate "2007.10.28"]
[EventType "team"]
[EventRounds "9"]
[EventCountry "GRE"]
[Source "lmi"]
[SourceDate "2007.10.28"]
[WhiteTeam "Russia"]
[BlackTeam "Armenia"]
[WhiteTeamCountry "RUS"]
[BlackTeamCountry "ARM"]

1. e4 e6 2. d4 d5 3. Nc3 Bb4 4. e5 c5 5. a3 Bxc3+ 6. bxc3 Qa5 7. Bd2 Qa4 8. Qb1
c4 9. Ne2 f6 10. exf6 Nxf6 11. g3 Nc6 12. Bg2 O-O 13. O-O Bd7 14. Qb2 Rae8 15.
Rae1 b6 16. Bf4 Qa5 17. f3 Ne7 18. Bd6 Rf7 19. Nf4 Nf5 20. Be5 Qb5 21. Qc1 Bc8
22. Re2 Nd7 23. Rfe1 Nf8 24. Bh3 Qa5 25. Qb2 Bd7 26. Kg2 Qb5 27. Qxb5 Bxb5 28.
Bxf5 Rxf5 29. Bd6 Bd7 30. h4 Ng6 31. Nh3 h6 32. Re3 Rf6 33. h5 Nh8 34. Be5 Rf5
35. g4 Rf7 36. Nf4 Ba4 37. R1e2 Rd7 38. Kg3 Nf7 39. Ng6 Nh8 40. Bf4 Nxg6 41.
hxg6 Rdd8 42. Rxe6 Kf8 43. Kh4 Rxe6 44. Rxe6 Re8 45. Rd6 Re1 46. Rd8+ Re8 47.
Rxd5 Bxc2 48. Rd7 Bxg6 49. Bd6+ Kg8 50. Be5 Bf7 51. Rxa7 g5+ 52. Kg3 Re6 53. f4
gxf4+ 54. Kxf4 Rc6 55. a4 Kf8 56. Rb7 Rg6 57. Bc7 Be8 58. Bxb6 Bxa4 59. Bc5+
Kg8 60. Be7 Bd1 61. g5 hxg5+ 62. Bxg5 Rg7 63. Rb8+ Kf7 64. d5 Rg8 65. Rb7+ Kg6
66. Be7 Ba4 67. Ke5 Rh8 68. d6 Rh5+ 69. Kd4 Kf7 70. Kxc4 Ke6 71. Kb4 Bd7 72.
Rb8 Rh1 73. Rf8 Kd5 74. c4+ Kc6 75. Ra8 Rb1+ 76. Kc3 Rc1+ 77. Kd4 Rd1+ 78. Kc3
Rc1+ 79. Kb3 Be6 80. Ra6+ Kb7 81. Ra4 Kc6 82. Bf8 Rf1 83. Be7 Rc1 84. Ra7 Rxc4
85. Kb2 Rb4+ 86. Kc3 Rb7 87. Ra8 Rb1 88. Kd4 Bd7 89. Ra3 Rd1+ 90. Ke3 Re1+ 91.
Kd2 Rb1 92. Rc3+ Kd5 93. Rd3+ Ke6 94. Kc3 Rc1+ 95. Kd4 Bc6 96. Re3+ Kd7 97. Rd3
Re1 98. Rc3 Rd1+ 99. Kc5 Rb1 100. Ra3 Rb5+ 101. Kc4 Rb1 102. Re3 Rc1+ 103. Kb4
Rb1+ 104. Kc4 Rc1+ 105. Kd4 Rd1+ 106. Ke5 Rd5+ 107. Kf6 Rd1 108. Rg3 Rf1+ 109.
Kg7 Rf2 110. Re3 Rf1 111. Ra3 Ke6 112. Re3+ Kd7 113. Bf8 Rg1+ 114. Kh6 Rh1+
115. Kg5 Rg1+ 116. Kh4 Rh1+ 117. Kg3 Rg1+ 118. Kf2 Rg8 119. Be7 Rg2+ 120. Ke1
Ra2 121. Rh3 Ra1+ 122. Kd2 Ra2+ 123. Kc1 Rf2 124. Rh8 Ke6 125. Rc8 Bd7 126. Rc3
Kd5 127. Rc7 Ke6 128. Rc5 Rg2 129. Rc2 1/2-1/2

[Event "European Team-ch 2007 Femenino"]
[Site "Creta GRE"]
[Date "2007.10.29"]
[Round "2.1"]
[White "Aginian, Nelly"]
[Black "Kovalevskaya, Ekaterina"]
[Result "0-1"]
[WhiteElo "2261"]
[BlackElo "2448"]
[PlyCount "238"]
[EventDate "2007.10.28"]
[EventType "team"]
[EventRounds "9"]
[EventCountry "GRE"]
[Source "lmi"]
[SourceDate "2007.10.28"]
[WhiteTeam "Armenia"]
[BlackTeam "Russia"]
[WhiteTeamCountry "ARM"]
[BlackTeamCountry "RUS"]

1. e4 e5 2. Nf3 Nc6 3. Bb5 a6 4. Ba4 Nf6 5. d3 d6 6. c3 g6 7. O-O Bg7 8. Nbd2
O-O 9. Re1 b5 10. Bc2 Bb7 11. a4 Re8 12. Nb3 Qd7 13. h3 Rab8 14. axb5 axb5 15.
Be3 Nd8 16. Na5 Ba8 17. b4 d5 18. Nb3 Nb7 19. Nc5 Nxc5 20. Bxc5 Rbd8 21. Qb1
Nh5 22. d4 exd4 23. Bxd4 dxe4 24. Bxe4 Bxe4 25. Rxe4 Qc6 26. Rxe8+ Rxe8 27.
Bxg7 Kxg7 28. Qd3 Nf4 29. Qd4+ Qf6 30. Qxf6+ Kxf6 31. Ra7 Nd5 32. Nd4 Nxc3 33.
Rxc7 Re1+ 34. Kh2 Re4 35. Rc6+ Ke7 36. Nc2 Nd5 37. Rc5 Nxb4 38. Ne3 Nd3 39.
Rxb5 Nxf2 40. Nd5+ Ke6 41. Nc3 Re3 42. Nd5 Re5 43. Nf4+ Kf5 44. Rb2 Ne4 45. Ne2
Nd6 46. Nd4+ Ke4 47. Nf3 Rd5 48. Re2+ Kf5 49. Rf2 Ke6 50. Re2+ Kf6 51. Ra2 h6
52. Ra6 Kf5 53. Ra7 Ke6 54. Ra8 Nf5 55. Ra6+ Rd6 56. Ra5 Kf6 57. Ra2 Kg7 58.
Re2 Re6 59. Ra2 Ne7 60. Nd4 Re4 61. Nf3 f6 62. Kg3 g5 63. Kf2 h5 64. g3 Nf5 65.
Ra5 Kg6 66. Ra8 Rb4 67. Ra2 Rb3 68. g4 Nd6 69. Re2 h4 70. Kg2 Nc4 71. Nd4 Rb2
72. Rxb2 Nxb2 73. Kf3 Kf7 74. Ke3 Nc4+ 75. Kd3 Na5 76. Ke4 Ke7 77. Kd5 Kd7 78.
Nf5 Nb7 79. Nd4 Nd6 80. Ne6 Nb5 81. Nc5+ Ke7 82. Nd3 Nd6 83. Nb4 Ne8 84. Nc6+
Kf7 85. Nd4 Ng7 86. Ke4 Ne6 87. Ne2 Kg6 88. Kf3 f5 89. gxf5+ Kxf5 90. Ke3 Nd8
91. Nd4+ Kg6 92. Kf3 Nf7 93. Ke4 Nd6+ 94. Kf3 Nc4 95. Ne2 Kh5 96. Kf2 Ne5 97.
Ke3 Kg6 98. Ke4 Kf6 99. Nc3 Nc4 100. Nd5+ Kg6 101. Nc3 Nd2+ 102. Ke3 Nb3 103.
Ne4 Na5 104. Nd6 Nc6 105. Ke4 Nd8 106. Nc4 Ne6 107. Ne5+ Kh5 108. Ng4 Nf4 109.
Nf2 Kg6 110. Ke5 Nh5 111. Ke4 Nf6+ 112. Ke5 g4 113. hxg4 Kg5 114. Nh3+ Kxg4
115. Nf4 Nh5 116. Nxh5 h3 117. Nf6+ Kf3 118. Ne4 h2 119. Ng5+ Kg2 0-1

[Event "European Team-ch 2007 Femenino"]
[Site "Creta GRE"]
[Date "2007.10.29"]
[Round "2.2"]
[White "Milliet, Sophie"]
[Black "Llaneza Vega, Patricia"]
[Result "1/2-1/2"]
[WhiteElo "2395"]
[BlackElo "2272"]
[PlyCount "43"]
[EventDate "2007.10.28"]
[EventType "team"]
[EventRounds "9"]
[EventCountry "GRE"]
[Source "lmi"]
[SourceDate "2007.10.28"]
[WhiteTeam "France"]
[BlackTeam "Espana"]
[WhiteTeamCountry "FRA"]
[BlackTeamCountry "ESP"]

1. e4 c5 2. Nf3 d6 3. d4 cxd4 4. Qxd4 a6 5. Bg5 Nc6 6. Qd2 h6 7. Bh4 g5 8. Bg3
Bg7 9. Nc3 Be6 10. Bd3 Qa5 11. h4 g4 12. Ng1 Rc8 13. Nge2 Ne5 14. O-O Ng6 15.
Rfd1 Be5 16. Bxe5 Qxe5 17. g3 Nf6 18. Nd4 Nd7 19. Nf5 Qf6 20. Kg2 Nde5 21. h5
Nf3 22. Qe3 1/2-1/2

[Event "European Team-ch 2007 Femenino"]
[Site "Creta GRE"]
[Date "2007.10.29"]
[Round "2.2"]
[White "Hernandez, Yudania"]
[Black "Leconte, Maria"]
[Result "1-0"]
[WhiteElo "2263"]
[BlackElo "2364"]
[PlyCount "83"]
[EventDate "2007.10.28"]
[EventType "team"]
[EventRounds "9"]
[EventCountry "GRE"]
[Source "lmi"]
[SourceDate "2007.10.28"]
[WhiteTeam "Espana"]
[BlackTeam "France"]
[WhiteTeamCountry "ESP"]
[BlackTeamCountry "FRA"]

1. e4 e6 2. d4 d5 3. Nc3 Nf6 4. e5 Nfd7 5. f4 c5 6. Nf3 Nc6 7. Be3 cxd4 8. Nxd4
Bc5 9. Qd2 O-O 10. O-O-O a6 11. h4 Nxd4 12. Bxd4 b5 13. h5 b4 14. Na4 Bxd4 15.
Qxd4 a5 16. Bb5 Rb8 17. Bxd7 Bxd7 18. Nc5 Bb5 19. Rd2 Qe7 20. Qf2 Rfc8 21. Nb3
a4 22. Nd4 b3 23. a3 bxc2 24. Rh3 Qb7 25. Rxc2 Be2 26. Rxc8+ Rxc8+ 27. Kb1 Bg4
28. Rh4 Bf5+ 29. Nxf5 exf5 30. Rh3 Qb5 31. h6 Qc4 32. Rh1 Qd3+ 33. Ka1 Qb3 34.
e6 fxe6 35. Qa7 gxh6 36. Qd7 Rf8 37. Qxe6+ Rf7 38. Rc1 Qb7 39. Rc8+ Kg7 40.
Qe5+ Kg6 41. Rg8+ Rg7 42. Qe6+ 1-0

[Event "European Team-ch 2007 Femenino"]
[Site "Creta GRE"]
[Date "2007.10.29"]
[Round "2.3"]
[White "Socko, Monika"]
[Black "Mamedjarova, Zeinab"]
[Result "1-0"]
[WhiteElo "2473"]
[BlackElo "2326"]
[PlyCount "123"]
[EventDate "2007.10.28"]
[EventType "team"]
[EventRounds "9"]
[EventCountry "GRE"]
[Source "lmi"]
[SourceDate "2007.10.28"]
[WhiteTeam "Poland"]
[BlackTeam "Azerbaijan"]
[WhiteTeamCountry "POL"]
[BlackTeamCountry "AZE"]

1. d4 d5 2. c4 dxc4 3. e4 e5 4. Nf3 exd4 5. Bxc4 Bb4+ 6. Bd2 Bxd2+ 7. Nbxd2 Nf6
8. e5 Nfd7 9. O-O O-O 10. Re1 Nb6 11. Bd3 Nc6 12. Rc1 Nd5 13. Be4 Nf4 14. Bxc6
bxc6 15. Nb3 d3 16. Nbd4 Qd7 17. h3 Rb8 18. Re4 Ne6 19. Nxe6 Qxe6 20. Qxd3 Rxb2
21. Nd4 Qd5 22. Rh4 h6 23. Qg3 c5 24. Nf3 Rb6 25. Kh2 Qxa2 26. Rhc4 Rg6 27.
R1c2 Qb1 28. Qf4 Qf1 29. Nh4 Bb7 30. f3 Rb6 31. Rc1 Qd3 32. R1c3 Qd8 33. Nf5 a5
34. Rxc5 Rb4 35. Qg3 Qg5 36. Qxg5 hxg5 37. Rxa5 Rb2 38. Ne7+ Kh7 39. e6 Re2 40.
Rxg5 Rxe6 41. Rxc7 Ba6 42. Rh5+ Rh6 43. Rxh6+ gxh6 44. g4 Bd3 45. Nc6 Bc4 46.
Ne5 Bd5 47. Kg3 Kg7 48. Nd3 Ra8 49. Nf4 Ra5 50. Nh5+ Kf8 51. f4 Ra3+ 52. Kh4
Bg2 53. Ng3 Kg8 54. Rd7 Rb3 55. Rd2 Bf3 56. Rd6 Rb4 57. Nf5 h5 58. Kxh5 Rb8 59.
Kg5 Be4 60. Nh6+ Kg7 61. f5 Rf8 62. Rd7 1-0

[Event "European Team-ch 2007 Femenino"]
[Site "Creta GRE"]
[Date "2007.10.29"]
[Round "2.3"]
[White "Kadimova, Ilaha"]
[Black "Rajlich, Iweta"]
[Result "0-1"]
[WhiteElo "2311"]
[BlackElo "2411"]
[PlyCount "46"]
[EventDate "2007.10.28"]
[EventType "team"]
[EventRounds "9"]
[EventCountry "GRE"]
[Source "lmi"]
[SourceDate "2007.10.28"]
[WhiteTeam "Azerbaijan"]
[BlackTeam "Poland"]
[WhiteTeamCountry "AZE"]
[BlackTeamCountry "POL"]

1. d4 Nf6 2. c4 g6 3. Nc3 Bg7 4. e4 d6 5. Be2 O-O 6. Nf3 e5 7. Be3 exd4 8. Nxd4
Re8 9. f3 c6 10. Bf2 Bh6 11. O-O Nbd7 12. Nc2 Ne5 13. b3 Nh5 14. Re1 Nf4 15.
Bf1 Qf6 16. Kh1 Bg7 17. Rc1 h5 18. Be3 h4 19. Bxf4 Qxf4 20. Qxd6 h3 21. Ne2
hxg2+ 22. Bxg2 Qh4 23. Rcd1 Nxf3 0-1

[Event "European Team-ch 2007 Femenino"]
[Site "Creta GRE"]
[Date "2007.10.29"]
[Round "2.3"]
[White "Zawadzka, Jolanta"]
[Black "Mamedjarova, Turkan"]
[Result "1-0"]
[WhiteElo "2371"]
[BlackElo "2250"]
[PlyCount "79"]
[EventDate "2007.10.28"]
[EventType "team"]
[EventRounds "9"]
[EventCountry "GRE"]
[Source "lmi"]
[SourceDate "2007.10.28"]
[WhiteTeam "Poland"]
[BlackTeam "Azerbaijan"]
[WhiteTeamCountry "POL"]
[BlackTeamCountry "AZE"]

1. e4 e5 2. Nf3 d6 3. d4 exd4 4. Qxd4 a6 5. Bf4 Nc6 6. Qd2 Be7 7. Nc3 Be6 8.
O-O-O Bf6 9. Nd5 Bg4 10. Qe3 Bxf3 11. gxf3 Nge7 12. Nxf6+ gxf6 13. Bh3 Ng6 14.
Bh6 Qe7 15. f4 Nf8 16. Rhe1 Ne6 17. e5 fxe5 18. f5 Nf8 19. Bg7 Rg8 20. f6 Qd8
21. f4 Ne6 22. Bxe6 fxe6 23. Qh3 Qd7 24. fxe5 d5 25. Qxh7 O-O-O 26. Qg6 Rdf8
27. h4 d4 28. h5 Nb4 29. a3 Na2+ 30. Kb1 Nc3+ 31. bxc3 Qb5+ 32. Ka1 Qc5 33.
cxd4 Qxa3+ 34. Kb1 Qb4+ 35. Kc1 Qa3+ 36. Kd2 Rd8 37. Ke2 Qh3 38. Rh1 Qc3 39.
Qd3 Qc6 40. Rhg1 1-0

[Event "European Team-ch 2007 Femenino"]
[Site "Creta GRE"]
[Date "2007.10.29"]
[Round "2.3"]
[White "Isgandarova, Khayala"]
[Black "Dworakowska, Joanna"]
[Result "1/2-1/2"]
[WhiteElo "2172"]
[BlackElo "2316"]
[PlyCount "105"]
[EventDate "2007.10.28"]
[EventType "team"]
[EventRounds "9"]
[EventCountry "GRE"]
[Source "lmi"]
[SourceDate "2007.10.28"]
[WhiteTeam "Azerbaijan"]
[BlackTeam "Poland"]
[WhiteTeamCountry "AZE"]
[BlackTeamCountry "POL"]

1. e4 c5 2. Nf3 d6 3. d4 cxd4 4. Nxd4 Nf6 5. Nc3 a6 6. Be2 e5 7. Nb3 Be7 8. Bg5
Be6 9. Bxf6 Bxf6 10. Nd5 Nd7 11. a4 O-O 12. O-O Rc8 13. Ne3 Bg5 14. a5 Nf6 15.
Bf3 Bxe3 16. fxe3 Rc4 17. Qd3 Qc7 18. Rf2 Rc8 19. c3 Rc6 20. Qd1 b5 21. Nd2 Nd7
22. Bg4 Nc5 23. Bxe6 Nxe6 24. Qh5 Qe7 25. Raf1 Rf8 26. h4 Nc5 27. Rf3 Nd3 28.
Rb1 Rfc8 29. Rg3 Nc5 30. Rf1 Nb7 31. Qg4 f6 32. h5 Nxa5 33. Nf3 R8c7 34. Nh4
Nb7 35. h6 g5 36. Rgf3 d5 37. exd5 Rb6 38. d6 Rxd6 39. Rxf6 Rxf6 40. Qxg5+ Rg6
41. Nxg6 hxg6 42. Qxg6+ Kh8 43. h7 Qd8 44. Qe6 Rxh7 45. Qxe5+ Rg7 46. Rf6 Qd1+
47. Kh2 Qd7 48. Rxa6 Kg8 49. Qb8+ Kh7 50. Qf4 Kg8 51. Qb8+ Kh7 52. Qf4 Kg8 53.
Qb8+ 1/2-1/2

[Event "European Team-ch 2007 Femenino"]
[Site "Creta GRE"]
[Date "2007.10.29"]
[Round "2.4"]
[White "Kachiani-G, Ketino"]
[Black "Voiska, Margarita"]
[Result "1/2-1/2"]
[WhiteElo "2404"]
[BlackElo "2294"]
[PlyCount "102"]
[EventDate "2007.10.28"]
[EventType "team"]
[EventRounds "9"]
[EventCountry "GRE"]
[Source "lmi"]
[SourceDate "2007.10.28"]
[WhiteTeam "Germany"]
[BlackTeam "Bulgaria"]
[WhiteTeamCountry "GER"]
[BlackTeamCountry "BUL"]

1. c4 Nf6 2. Nc3 c6 3. e4 e5 4. Nf3 d6 5. d4 Nbd7 6. Be2 Be7 7. O-O O-O 8. Be3
exd4 9. Nxd4 Nc5 10. f3 Re8 11. Qd2 Bf8 12. Bf2 h6 13. Rfd1 Qc7 14. Bf1 g6 15.
b4 Ncd7 16. Rac1 a5 17. a3 axb4 18. axb4 Ne5 19. Nb3 Nfd7 20. Bd4 Nb6 21. Na5
c5 22. Nd5 Nxd5 23. cxd5 Qd8 24. Bc3 cxb4 25. Bxb4 h5 26. Kh1 Kh7 27. Ra1 Bh6
28. Qf2 Qf6 29. Ra2 h4 30. Bb5 Rg8 31. h3 Bf4 32. Bc3 Bg3 33. Qe2 Bf4 34. Bd4
Qg5 35. Bf2 Qh5 36. Rda1 g5 37. Nb3 Rxa2 38. Rxa2 Ng6 39. Nd4 Be5 40. Nf5 Nf4
41. Qd1 Bxf5 42. exf5 Qh6 43. Ra7 Qf6 44. Rxb7 Ra8 45. Ra7 Rxa7 46. Bxa7 Qxf5
47. Ba4 Kg7 48. Bc2 Qf6 49. Be3 Qd8 50. Bxf4 Bxf4 51. Qd4+ Qf6 1/2-1/2

[Event "European Team-ch 2007 Femenino"]
[Site "Creta GRE"]
[Date "2007.10.29"]
[Round "2.4"]
[White "Velcheva, Maria"]
[Black "Michna, Marta"]
[Result "1/2-1/2"]
[WhiteElo "2255"]
[BlackElo "2375"]
[PlyCount "200"]
[EventDate "2007.10.28"]
[EventType "team"]
[EventRounds "9"]
[EventCountry "GRE"]
[Source "lmi"]
[SourceDate "2007.10.28"]
[WhiteTeam "Bulgaria"]
[BlackTeam "Germany"]
[WhiteTeamCountry "BUL"]
[BlackTeamCountry "GER"]

1. e4 e6 2. d4 d5 3. Nd2 c5 4. Ngf3 Nf6 5. exd5 Qxd5 6. Bc4 Qd6 7. dxc5 Qxc5 8.
Qe2 Qc7 9. O-O a6 10. Ne4 Nxe4 11. Qxe4 Nd7 12. Bg5 Nf6 13. Bxf6 gxf6 14. Rfe1
Bd7 15. Rad1 Be7 16. Re3 Bc6 17. Qg4 Kf8 18. Qh4 h5 19. Bb3 f5 20. Qc4 b5 21.
Qc3 Rg8 22. Ne5 f4 23. Rf3 Rd8 24. Re1 Bf6 25. Qxc6 Bxe5 26. Qxa6 Rb8 27. Rd1
Kg7 28. Rfd3 Rb7 29. Qa3 Kf6 30. Qb4 Qc6 31. f3 Qb6+ 32. Kf1 Rbb8 33. R1d2 h4
34. h3 Rg3 35. c4 bxc4 36. Qxb6 Rxb6 37. Bxc4 Bxb2 38. a4 Bc1 39. Rc2 Be3 40.
Bb5 Rb8 41. Rd7 Rbg8 42. Rdc7 R3g5 43. Rd7 Rb8 44. Rcc7 Rg7 45. Rc2 Rgg8 46.
Rcc7 Rgf8 47. Ke2 Bb6 48. Rc6 Rg8 49. Kf1 Rgc8 50. Rdd6 Be3 51. Ke2 Rxc6 52.
Rxc6 Rg8 53. Kf1 Ke5 54. Rc7 Rd8 55. Rc2 Rd4 56. Ke2 Rd8 57. Rb2 Kd4 58. Rc2 f5
59. Rc6 Rg8 60. Kf1 e5 61. Rc4+ Kd5 62. Rc7 Rb8 63. Rd7+ Kc5 64. Rc7+ Kd4 65.
Rd7+ Kc3 66. Rc7+ Kd4 67. Rd7+ Kc5 68. Rc7+ Kd6 69. Rd7+ Ke6 70. Rc7 Rd8 71.
Rc2 e4 72. fxe4 fxe4 73. Ke2 Ke5 74. Bc6 Kd4 75. Bd5 Ke5 76. Bc6 Rb8 77. Bb5
Rg8 78. Kf1 f3 79. Bc6 Rg3 80. Bd7 Rg7 81. Bg4 Kf4 82. gxf3 exf3 83. Rc4+ Kg3
84. Rc3 Re7 85. a5 Re4 86. a6 Kf4 87. Ra3 Rb4 88. Ra1 Ba7 89. Bd7 Kg3 90. Bf5
Rf4 91. Bg4 Rc4 92. Bf5 Rc5 93. Bg4 Rc3 94. Bf5 Rb3 95. Ra4 Rb5 96. Rg4+ Kh2
97. Be4 Rb3 98. Rxh4 Re3 99. Rf4 Kg3 100. Rxf3+ Rxf3+ 1/2-1/2

[Event "European Team-ch 2007 Femenino"]
[Site "Creta GRE"]
[Date "2007.10.29"]
[Round "2.4"]
[White "Mader, Manuela"]
[Black "Raeva, Elitsa"]
[Result "0-1"]
[WhiteElo "2203"]
[BlackElo "2242"]
[PlyCount "90"]
[EventDate "2007.10.28"]
[EventType "team"]
[EventRounds "9"]
[EventCountry "GRE"]
[Source "lmi"]
[SourceDate "2007.10.28"]
[WhiteTeam "Germany"]
[BlackTeam "Bulgaria"]
[WhiteTeamCountry "GER"]
[BlackTeamCountry "BUL"]

1. e4 c5 2. c3 Nf6 3. e5 Nd5 4. Nf3 e6 5. Bc4 Nb6 6. Bb3 d6 7. exd6 Bxd6 8. O-O
Bd7 9. d4 c4 10. Bc2 Bc6 11. Nbd2 N8d7 12. Ne4 Bxe4 13. Bxe4 Qc7 14. a4 Nf6 15.
Bc2 h6 16. a5 Nbd7 17. Qe2 O-O 18. Re1 b5 19. axb6 axb6 20. Rxa8 Rxa8 21. Ne5
b5 22. g4 Ra1 23. h4 Bxe5 24. dxe5 Nxe5 25. g5 Nd5 26. Qe4 f5 27. gxf6 Nxf6 28.
Qg2 Qc6 29. Qxc6 Nxc6 30. Rd1 Ne5 31. Bf4 Rxd1+ 32. Bxd1 Nd3 33. Be3 Nxb2 34.
Bf3 Nd5 35. Bd4 Na4 36. Bxd5 exd5 37. Kg2 Kf7 38. Kg3 Nb2 39. Kg4 Nd3 40. f4 b4
41. cxb4 Nxb4 42. h5 Nc6 43. Ba1 d4 44. Kf5 c3 45. Ke4 Ke6 0-1

[Event "European Team-ch 2007 Femenino"]
[Site "Creta GRE"]
[Date "2007.10.29"]
[Round "2.5"]
[White "Peng, Zhaoqin"]
[Black "Dembo, Yelena"]
[Result "1-0"]
[WhiteElo "2419"]
[BlackElo "2448"]
[PlyCount "145"]
[EventDate "2007.10.28"]
[EventType "team"]
[EventRounds "9"]
[EventCountry "GRE"]
[Source "lmi"]
[SourceDate "2007.10.28"]
[WhiteTeam "Netherlands"]
[BlackTeam "Greece"]
[WhiteTeamCountry "NED"]
[BlackTeamCountry "GRE"]

1. d4 Nf6 2. c4 g6 3. Nc3 Bg7 4. e4 d6 5. Nf3 O-O 6. Be2 e5 7. d5 a5 8. Bg5 h6
9. Bh4 Na6 10. Nd2 Qe8 11. O-O Nh7 12. Nb5 Bd7 13. Kh1 h5 14. f3 Bh6 15. Nb3 b6
16. Nc1 Be3 17. Qd3 Bg5 18. Bxg5 Nxg5 19. Qd2 Qe7 20. Nd3 Nh7 21. b3 f5 22.
exf5 gxf5 23. Rae1 h4 24. f4 e4 25. Nb2 Qg7 26. Nd1 Kh8 27. Ne3 Rf6 28. a3 Rg8
29. Qc3 Nf8 30. b4 Rg6 31. Qxg7+ R6xg7 32. Rb1 Rf7 33. Nd4 a4 34. Bd1 Nh7 35.
Bh5 Rf6 36. Be2 Ra8 37. Rbc1 Nf8 38. Rc3 Kg7 39. Nd1 Rh6 40. Rh3 Rh7 41. Nc3
Kf6 42. Nc2 Kf7 43. Kg1 Ng6 44. Ne3 Rhh8 45. Bd1 Kf6 46. g4 hxg3 47. Rxh8 Nxh8
48. hxg3 Nf7 49. Kf2 Nh6 50. Rh1 Kg6 51. Bc2 Kg7 52. Rh5 Rh8 53. Bd1 Ra8 54.
Rg5+ Kf6 55. Bh5 Rh8 56. Rg6+ Ke7 57. Rg7+ Kd8 58. Kg2 Ng8 59. Bd1 Ne7 60. Bxa4
Bxa4 61. Nxa4 Rh5 62. Nc3 Ke8 63. g4 fxg4 64. Nxe4 Rh3 65. Ng3 Kf8 66. Rxg4 Rh7
67. Ne4 Rh6 68. Ng5 Ke8 69. f5 Nb8 70. Ne6 c6 71. Rg7 Rf6 72. Rh7 Nd7 73. Ng4
1-0

[Event "European Team-ch 2007 Femenino"]
[Site "Creta GRE"]
[Date "2007.10.29"]
[Round "2.5"]
[White "Makropoulou, Marina"]
[Black "Bosboom-Lanchava, Tea"]
[Result "1/2-1/2"]
[WhiteElo "2243"]
[BlackElo "2379"]
[PlyCount "133"]
[EventDate "2007.10.28"]
[EventType "team"]
[EventRounds "9"]
[EventCountry "GRE"]
[Source "lmi"]
[SourceDate "2007.10.28"]
[WhiteTeam "Greece"]
[BlackTeam "Netherlands"]
[WhiteTeamCountry "GRE"]
[BlackTeamCountry "NED"]

1. e4 g6 2. d4 d6 3. Nc3 c6 4. Be3 Bg7 5. Qd2 b5 6. Bd3 Nd7 7. Nf3 a6 8. O-O
Bb7 9. a4 b4 10. Ne2 c5 11. c3 bxc3 12. bxc3 Qc7 13. Rab1 Rb8 14. h3 c4 15. Bc2
Ngf6 16. Ng3 O-O 17. Bh6 Qa5 18. Rb4 e6 19. Rfb1 Ba8 20. Bxg7 Kxg7 21. Qe2 Rbc8
22. Nd2 d5 23. e5 Ng8 24. Qg4 Ne7 25. Ne2 Nc6 26. R4b2 Rb8 27. Nf1 Rxb2 28.
Rxb2 Rb8 29. Rxb8 Ncxb8 30. Nfg3 Bc6 31. Nh5+ Kf8 32. Nf6 Bxa4 33. Nxh7+ Kg7
34. Bxa4 Qxa4 35. Ng5 Qd1+ 36. Kh2 Qd3 37. Ng3 Qd2 38. Qh4 Nf8 39. Nf3 Qh6 40.
Qf6+ Kg8 41. Ng5 Qg7 42. Qd8 Nbd7 43. f4 Qh6 44. Ne2 Qh5 45. g4 Qh4 46. Ng3 Qh6
47. Kg2 Qh8 48. Qa8 Kg7 49. Qxa6 Nh7 50. Nxh7 Kxh7 51. Qd6 Qc8 52. Qe7 Kg8 53.
f5 Nf8 54. Qg5 Qb7 55. Qc1 exf5 56. gxf5 Qa6 57. Qd2 gxf5 58. Nxf5 Qg6+ 59. Ng3
Ne6 60. Kh2 Kf8 61. h4 Qg4 62. Qh6+ Ke8 63. Qh8+ Kd7 64. Qf6 Ke8 65. Qh8+ Kd7
66. Qf6 Ke8 67. Qh8+ 1/2-1/2

[Event "European Team-ch 2007 Femenino"]
[Site "Creta GRE"]
[Date "2007.10.29"]
[Round "2.5"]
[White "Muhren, Bianca"]
[Black "Fakhiridou, Ekaterini"]
[Result "0-1"]
[WhiteElo "2303"]
[BlackElo "2270"]
[PlyCount "110"]
[EventDate "2007.10.28"]
[EventType "team"]
[EventRounds "9"]
[EventCountry "GRE"]
[Source "lmi"]
[SourceDate "2007.10.28"]
[WhiteTeam "Netherlands"]
[BlackTeam "Greece"]
[WhiteTeamCountry "NED"]
[BlackTeamCountry "GRE"]

1. e4 e5 2. Nc3 Nc6 3. Bc4 Nf6 4. d3 Na5 5. Nf3 Nxc4 6. dxc4 d6 7. Bg5 Be7 8.
Qe2 c6 9. O-O-O Qc7 10. Rd2 h6 11. Bxf6 Bxf6 12. Nd1 Be6 13. Ne3 O-O-O 14. Rhd1
g6 15. Rd3 Be7 16. Nd5 Bxd5 17. cxd5 c5 18. c4 f5 19. Kb1 Qd7 20. Ra3 a6 21. h3
Rdf8 22. Nd2 Bg5 23. Nf1 Rf7 24. Rc3 Rhf8 25. f3 Qe8 26. g3 Qd7 27. h4 Bd8 28.
Nh2 f4 29. g4 Bxh4 30. a3 Bd8 31. b3 h5 32. Rcc1 Kb8 33. Rg1 Bh4 34. Rh1 Bg3
35. Rcg1 Rh7 36. gxh5 gxh5 37. Nf1 h4 38. Kc2 Qd8 39. Nxg3 fxg3 40. Rxg3 hxg3
41. Rxh7 Qf6 42. Qg2 Qxf3 43. Qxf3 Rxf3 44. Rg7 b5 45. cxb5 axb5 46. a4 bxa4
47. bxa4 Re3 48. a5 Rxe4 49. Rxg3 Rd4 50. Kc3 Kb7 51. Rg7+ Ka6 52. Rg8 Rxd5 53.
Rb8 Rd4 54. Rb6+ Kxa5 55. Rb8 e4 0-1

[Event "European Team-ch 2007 Femenino"]
[Site "Creta GRE"]
[Date "2007.10.29"]
[Round "2.6"]
[White "Chelushkina, Irina"]
[Black "Voicu, Carmen"]
[Result "1-0"]
[WhiteElo "2351"]
[BlackElo "2333"]
[PlyCount "63"]
[EventDate "2007.10.28"]
[EventType "team"]
[EventRounds "9"]
[EventCountry "GRE"]
[Source "lmi"]
[SourceDate "2007.10.28"]
[WhiteTeam "SRB"]
[BlackTeam "Romania"]
[BlackTeamCountry "ROM"]

1. g3 Nf6 2. Bg2 d5 3. Nf3 e6 4. O-O c5 5. c4 Nc6 6. cxd5 Nxd5 7. d4 Be7 8. Nc3
Nxc3 9. bxc3 O-O 10. Be3 Qa5 11. Qb3 Rd8 12. Rfd1 Qa6 13. dxc5 Bd7 14. a4 Na5
15. Qc2 Nc4 16. Bd4 f6 17. Nd2 Na5 18. Be4 Qxe2 19. Bxh7+ Kf8 20. Re1 Qh5 21.
Be4 Kf7 22. Bf3 Qh3 23. Bg2 Qh5 24. Re4 g5 25. Qa2 Rh8 26. Rae1 Qxh2+ 27. Kf1
Rae8 28. Rxe6 Bxe6 29. Qxe6+ Kf8 30. Bxf6 Rh7 31. Nf3 Qh5 32. Nxg5 1-0

[Event "European Team-ch 2007 Femenino"]
[Site "Creta GRE"]
[Date "2007.10.29"]
[Round "2.6"]
[White "Motoc, Alina"]
[Black "Benderac, Ana"]
[Result "0-1"]
[WhiteElo "2300"]
[BlackElo "2328"]
[PlyCount "132"]
[EventDate "2007.10.28"]
[EventType "team"]
[EventRounds "9"]
[EventCountry "GRE"]
[Source "lmi"]
[SourceDate "2007.10.28"]
[WhiteTeam "Romania"]
[BlackTeam "SRB"]
[WhiteTeamCountry "ROM"]

1. d4 Nf6 2. c4 e6 3. Nf3 Bb4+ 4. Nbd2 O-O 5. a3 Be7 6. e4 d5 7. Bd3 c5 8. e5
Nfd7 9. Nb3 dxc4 10. Bxc4 cxd4 11. Nbxd4 Nxe5 12. Be2 Nbc6 13. Be3 Bf6 14. Nxe5
Qa5+ 15. Bd2 Qxe5 16. Nxc6 bxc6 17. Bc3 Qf5 18. Bxf6 Qxf6 19. O-O Qxb2 20. Re1
Qb6 21. Qa4 Rd8 22. Bf3 Bd7 23. Rab1 Qc7 24. Rbc1 Rac8 25. Rc5 Be8 26. Rec1 Qb6
27. h3 Rd2 28. Qb4 Rb2 29. Qe4 Rb5 30. Qe5 Rxc5 31. Rxc5 Qb1+ 32. Kh2 Qb8 33.
Qg3 Qxg3+ 34. Kxg3 Kf8 35. Kf4 Ke7 36. Ke5 f6+ 37. Kd4 Kd6 38. Ra5 Rc7 39. Be4
e5+ 40. Ke3 g6 41. f4 Re7 42. g4 exf4+ 43. Kxf4 g5+ 44. Kf3 Bg6 45. Bf5 Bxf5
46. Rxf5 c5 47. Rxf6+ Kd5 48. Rf5+ Kd4 49. Rxg5 c4 50. Rg8 c3 51. h4 c2 52.
Rd8+ Kc3 53. Rc8+ Kb2 54. Rb8+ Kxa3 55. Rc8 Kb2 56. Rb8+ Kc1 57. g5 Re1 58. Rb7
Kd2 59. Rd7+ Kc3 60. Rc7+ Kb3 61. Rb7+ Ka4 62. Rxa7+ Kb5 63. Rc7 c1=Q 64. Rxc1
Rxc1 65. h5 Rc4 66. h6 Rc6 0-1